CNBC-e Nick Kuşağı'na Ne Kadar Hakimsin? - Statistics

General Stats
  • This quiz has been taken 22 times
  • The average score is 6 of 15
Answer Stats
Question Answer % Correct
Nickelodeon Kuşağı'nda en uzun süreli yayınlanmış çizgi dizi hangisidir? SpongeBob SquarePants
85%
Aşağıdakilerden hangisi Nickelodeon Kuşağı'na "diğer serilerden sonra" eklenmiştir? My Life as a Teenage Robot
55%
Nickelodeon Kuşağı hangi yıl sona ermiştir? 2014
40%
Nickelodeon Kuşağı hangi tarihte başlamıştır? 20 Eylül 2003
40%
Aşağıdakilerden hangisi Nickelodeon Kuşağı'na 2006 içinde "eklenmemiştir?" Danny Phantom
40%
Nickelodeon Kuşağı'nda en kısa süreli yayınlanmış çizgi dizi hangisidir? Kappa Mikey
40%
Aşağıdaki serilerden hangisi Nickelodeon Kuşağı'nda iki farklı dublajla yayınlanmıştır? The Adventures of Jimmy Neutron
40%
Hey Arnold'un "CNBC-e'de" ilk yayınlandığı gün saat kaçta yayınlanmıştı? 18:30
35%
Aşağıdaki serilerden hangisinin devam serisi de Nickelodeon Kuşağı'nda yayınlanmıştır? Rugrats
35%
Aşağıdaki serilerden hangisi Nickelodeon Kuşağı'nda yayınlanmamıştır? The Breadwinners
35%
Aşağıdaki Nickelodeon logolarından hangisi "kuşak yayınlarında kullanılmamıştır?"
30%
The Fairly OddParents'ın "CNBC-e'de" ilk yayınlandığı tarih aşağıdakilerden hangisidir? 1 Nisan 2007
30%
Nickelodeon Kuşağı'na seri eklenmemiş tek yıl aşağıdakilerden hangisidir? 2005
20%
Nickelodeon Kuşağı'nın başladığı zaman ve bittiği zamanki cumhurbaşkanları sırasıyla hangi şıkta doğru verilmiştir? Ahmet Necdet Sezer - Recep Tayyip Erdoğan
20%
Aşağıdaki karakterlerden hangisini Murat Prosçiler "seslendirmemiştir?" Norbert (The Angry Beavers)
20%
No matching quizzes found
Score Distribution
Percent of People with Each Score
Percentile by Number Answered
Your Score History
You have not taken this quiz